|
|
|
|
| LEADER |
00000nam0a2200000 4500 |
| 001 |
107768 |
| 005 |
20231031115414.0 |
| 010 |
|
|
|a 5247004868
|
| 020 |
|
|
|a RU
|b 89-30283
|
| 035 |
|
|
|a (RuTPU)RU\TPU\book\116336
|
| 090 |
|
|
|a 107768
|
| 100 |
|
|
|a 20061228d1989 km a0rusy5003 ca
|
| 101 |
0 |
|
|a rus
|
| 102 |
|
|
|a RU
|
| 105 |
|
|
|a a g 000zy
|
| 200 |
1 |
|
|a Техника и технология определения параметров скважин и пластов
|e справочник рабочего
|f В. Н. Васильевский, А. И. Петров
|
| 210 |
|
|
|a Москва
|c Недра
|d 1989
|
| 215 |
|
|
|a 270,[1] с.
|c ил.
|d 22 см
|
| 225 |
1 |
|
|a Справочник рабочего
|
| 610 |
1 |
|
|a нефтедобыча
|
| 610 |
1 |
|
|a природные газы
|
| 610 |
1 |
|
|a справочники
|
| 610 |
1 |
|
|a добыча газов
|
| 610 |
1 |
|
|a бурение
|
| 610 |
1 |
|
|a скважины
|
| 610 |
1 |
|
|a месторождения
|
| 610 |
1 |
|
|a измерительные приборы
|
| 610 |
1 |
|
|a измерительная аппаратура
|
| 675 |
|
|
|a 622.323(08)
|z rus
|
| 675 |
|
|
|a 622.241(08)
|z rus
|
| 700 |
|
1 |
|a Васильевский
|b В. Н.
|g Владимир Николаевич
|
| 701 |
|
1 |
|a Петров
|b А. И.
|g Андрей Иванович
|
| 801 |
|
0 |
|a RU
|b RuMRKP
|c 19950417
|g psbo
|
| 801 |
|
1 |
|a RU
|b 63413507
|c 20061228
|g PSBO
|
| 801 |
|
2 |
|a RU
|b 63413507
|c 20080506
|g PSBO
|
| 942 |
|
|
|c BK
|